Statistics for Capitals Of Countries Beginning With 'P'

Click here to take the quiz!

General Stats

  • This quiz has been taken 24 times
  • The average score is 7 of 9

Answer Stats

Answer% Correct
Islamabad(Pakistan)
95%
Warsaw(Poland)
95%
Panama City(Panama)
90%
Lisbon(Portugal)
90%
Lima(Peru)
86%
Manila(Philippines)
81%
Asuncion(Paraguay)
71%
Port Moresby(Papua New Guinea)
67%
Ngerulmud(Palau)
52%

Score Distribution

Percentile by Number Answered

Percent of People with Each Score

Your Score History

You have not taken this quiz